000 00554cam a22001933a 4500
001 45275
003 PGUSA
005 20140828084035.0
008 140331s2014||||xxu|||||s|||||000 | eng d
040 _aPGUSA
_beng
042 _adc
245 1 4 _aThe Cowslip :
_bOr More Cautionary Stories, in Verse
_h[electronic resource] /
_cAnonymous
260 _bProject Gutenberg,
_c2014
506 _aPublic domain in the USA.
516 _aElectronic text
830 0 _aProject Gutenberg
_v45275
856 4 0 _uhttp://www.gutenberg.org/ebooks/45275
942 _cEB
999 _c274526
_d274526